[Event "San Francisco TNM Fall op"]
[Site "San Francisco"]
[Date "2017.12.05"]
[Round "7"]
[White "Askin, Michael"]
[Black "Perepelitsky, Philipp"]
[Result "0-1"]
[WhiteElo "1928"]
[BlackElo "2100"]
[PlyCount "80"]
[EventDate "2017.10.24"]
[EventType "swiss"]
[EventRounds "9"]
[EventCountry "USA"]
[SourceTitle "EXT 2023"]
[Source "ChessBase"]
[SourceDate "2022.10.05"]
[SourceVersion "1"]
[SourceVersionDate "2022.10.05"]
[SourceQuality "1"]

1. e4 d6 2. d4 Nf6 3. Nc3 g6 4. Be3 c6 5. Nf3 b5 6. e5 b4 7. exf6 bxc3 8. fxe7 Bxe7 9. bxc3 Qa5 10. Qd2 Bf5 11. Bh6 Nd7 12. Bd3 Bg4 13. Be2 Rb8 14. 0-0 Rb2 15. Rfe1 Rxa2 16. Rxa2 Qxa2 17. Ng5 Be6 18. Nxe6 fxe6 19. Bg4 e5 20. Be6 Qxe6 21. f4 e4 22. c4 d5 23. cxd5 cxd5 24. c4 Nb6 25. c5 Nc4 26. Qb4 Kf7 27. Qb7 Rd8 28. Bg5 Kf8 29. Qxa7 Bxg5 30. fxg5 Kg8 31. h3 e3 32. Qa2 Qe4 33. Qa4 e2 34. Kh1 Qxd4 35. Kh2 Qe5+ 36. Kg1 Qe3+ 37. Kh2 Rf8 38. Qa1 Nd2 39. c6 Nf1+ 40. Kh1 Qg3 0-1

[Event "San Francisco TNM Summer op"]
[Site "San Francisco"]
[Date "2017.06.20"]
[Round "5"]
[White "Askin, Michael"]
[Black "James, Charles"]
[Result "1-0"]
[WhiteElo "1983"]
[BlackElo "1417"]
[PlyCount "39"]
[EventDate "2017.05.23"]
[EventType "swiss"]
[EventRounds "8"]
[EventCountry "USA"]
[SourceTitle "EXT 2023"]
[Source "ChessBase"]
[SourceDate "2022.10.05"]
[SourceVersion "1"]
[SourceVersionDate "2022.10.05"]
[SourceQuality "1"]

1. d4 d5 2. c4 c6 3. Nf3 dxc4 4. a4 Nf6 5. Nc3 Bf5 6. Ne5 e6 7. f3 Nbd7 8. Nxc4 Nd5 9. e4 Nxc3 10. bxc3 Bg6 11. Be3 Be7 12. Qb3 Qc7 13. g3 0-0 14. Bf4 e5 15. Nxe5 Nxe5 16. Bxe5 Qd7 17. h4 Kh8 18. h5 f6 19. hxg6 h6 20. Bf4 1-0

[Event "San Francisco TNM Summer op"]
[Site "San Francisco"]
[Date "2017.05.23"]
[Round "1"]
[White "Askin, Michael"]
[Black "Robertson, Terrance"]
[Result "1-0"]
[WhiteElo "1983"]
[BlackElo "1421"]
[PlyCount "63"]
[EventDate "2017.05.23"]
[EventType "swiss"]
[EventRounds "8"]
[EventCountry "USA"]
[SourceTitle "EXT 2023"]
[Source "ChessBase"]
[SourceDate "2022.10.05"]
[SourceVersion "1"]
[SourceVersionDate "2022.10.05"]
[SourceQuality "1"]

1. e4 e5 2. Nf3 Nf6 3. Nc3 Nc6 4. Bc4 Nxe4 5. Nxe4 d5 6. Bb5 dxe4 7. Nxe5 Bd7 8. Nxd7 Qxd7 9. d4 exd3 10. Qxd3 Bb4+ 11. c3 Qxd3 12. Bxd3 0-0-0 13. Bf5+ Kb8 14. cxb4 Nxb4 15. 0-0 g6 16. Bh3 Rhe8 17. Bg5 Nc2 18. Bxd8 Nxa1 19. Bf6 Nc2 20. g3 a6 21. a3 Ne1 22. Bc3 Nd3 23. Rd1 Nc5 24. Re1 Ne6 25. Bf6 Kc8 26. Rd1 h6 27. Kg2 b6 28. f4 Kb7 29. Kf2 Nc5 30. Bg2+ c6 31. b4 Ne6 32. Rd7+ 1-0

[Event "San Francisco TNM Spring op"]
[Site "San Francisco"]
[Date "2017.04.18"]
[Round "6"]
[White "Askin, Michael"]
[Black "Winslow, Elliott C"]
[Result "0-1"]
[WhiteElo "1965"]
[BlackElo "2222"]
[PlyCount "78"]
[EventDate "2017.03.14"]
[EventType "swiss"]
[EventRounds "8"]
[EventCountry "USA"]
[SourceTitle "EXT 2023"]
[Source "ChessBase"]
[SourceDate "2022.10.05"]
[SourceVersion "1"]
[SourceVersionDate "2022.10.05"]
[SourceQuality "1"]

1. e4 c5 2. Nf3 e6 3. d4 cxd4 4. Nxd4 a6 5. Nc3 Qc7 6. Bd3 Nf6 7. 0-0 Bc5 8. Nb3 Be7 9. f4 d6 10. Qf3 Nbd7 11. g4 h6 12. a4 g5 13. e5 dxe5 14. fxg5 e4 15. Nxe4 hxg5 16. Rf2 Nxe4 17. Qxf7+ Kd8 18. Bxe4 Rf8 19. Qg7 Rxf2 20. Kxf2 Nf6 21. Qh8+ Kd7 22. Bg6 b5 23. Be3 Qe5 24. Qh3 Bb7 25. Rd1+ Kc7 26. a5 Nxg4+ 27. Qxg4 Rf8+ 28. Ke2 Bf3+ 29. Qxf3 Rxf3 30. Kxf3 Qf6+ 31. Kg2 Qxg6 32. Bb6+ Kc8 33. Rd2 Qe4+ 34. Kg1 Qg4+ 35. Kf1 Bd6 36. Nd4 Bc7 37. c3 Bxb6 38. axb6 e5 39. Nb3 Qc4+ 0-1

[Event "San Francisco TNM Fall op"]
[Site "San Francisco"]
[Date "2016.11.15"]
[Round "5"]
[White "Lin, Aung Tun"]
[Black "Askin, Michael"]
[Result "0-1"]
[WhiteElo "1681"]
[BlackElo "2039"]
[PlyCount "100"]
[EventDate "2016.10.18"]
[EventType "swiss"]
[EventRounds "9"]
[EventCountry "USA"]
[SourceTitle "EXT 2018"]
[Source "ChessBase"]
[SourceDate "2017.10.13"]
[SourceVersion "1"]
[SourceVersionDate "2017.10.13"]
[SourceQuality "1"]

1. Nf3 d5 2. e3 Nf6 3. b3 Bg4 4. Bb2 Nbd7 5. Be2 e6 6. 0-0 Bd6 7. h3 h5 8. d3 Qe7 9. Nbd2 0-0-0 10. Nd4 Bxe2 11. Qxe2 a6 12. f4 Rdg8 13. N4f3 Bc5 14. a3 Ng4 15. d4 Bd6 16. c4 c6 17. b4 Nh6 18. Rfc1 Kb8 19. b5 axb5 20. cxb5 c5 21. dxc5 Nxc5 22. a4 Nf5 23. Kf2 Rc8 24. a5 f6 25. a6 b6 26. Bd4 e5 27. fxe5 fxe5 28. a7+ Ka8 29. Bb2 e4 30. Nd4 Qh4+ 31. Kg1 Nxd4 32. Bxd4 Rhf8 33. Bxc5 Rxc5 34. Rxc5 Bxc5 35. Rf1 Rxf1+ 36. Nxf1 Qf4 37. Qf2 Qf6 38. Qg3 Bd6 39. Qe1 Kxa7 40. Qd1 Qe5 41. Qa4+ Kb8 42. Qa6 Bc5 43. Qa2 h4 44. Qf2 Qf6 45. Qe2 Qf5 46. Qb2 d4 47. Qb3 dxe3 48. Nxe3 Bxe3+ 49. Qxe3 Qc5 50. Kf2 Kc7 0-1

[Event "San Francisco Benson Memorial"]
[Site "San Francisco"]
[Date "2016.09.27"]
[Round "9"]
[White "Askin, Michael"]
[Black "Bayaraa, Chinguun"]
[Result "1-0"]
[WhiteElo "2042"]
[BlackElo "2061"]
[PlyCount "69"]
[EventDate "2016.08.02"]
[EventType "swiss"]
[EventRounds "9"]
[EventCountry "USA"]
[SourceTitle "EXT 2018"]
[Source "ChessBase"]
[SourceDate "2017.10.13"]
[SourceVersion "1"]
[SourceVersionDate "2017.10.13"]
[SourceQuality "1"]

1. e4 c5 2. Nf3 d6 3. d4 cxd4 4. Nxd4 Nf6 5. Nc3 a6 6. Bg5 e6 7. f4 Be7 8. Qf3 Qc7 9. 0-0-0 Nbd7 10. g4 b5 11. Bxf6 Nxf6 12. g5 Nd7 13. f5 Ne5 14. Qh5 g6 15. Qh6 Bf8 16. Qh3 Qe7 17. fxe6 fxe6 18. Qg3 Bd7 19. a3 Bg7 20. h4 0-0 21. h5 Rab8 22. hxg6 Nxg6 23. Nf3 Rb6 24. e5 Nxe5 25. Nxe5 Bxe5 26. Qg1 Rc6 27. Ne4 Qg7 28. Bd3 Bxb2+ 29. Kb1 Bd4 30. Nf6+ Bxf6 31. Rxh7 Qxg5 32. Qa7 Qe5 33. Rg1+ Bg5 34. Qxd7 Rc5 35. Rxg5+ 1-0

[Event "San Francisco Benson Memorial"]
[Site "San Francisco"]
[Date "2016.08.09"]
[Round "2"]
[White "Askin, Michael"]
[Black "Newey, Richard H"]
[Result "1-0"]
[WhiteElo "2042"]
[BlackElo "1773"]
[PlyCount "37"]
[EventDate "2016.08.02"]
[EventType "swiss"]
[EventRounds "9"]
[EventCountry "USA"]
[SourceTitle "EXT 2018"]
[Source "ChessBase"]
[SourceDate "2017.10.13"]
[SourceVersion "1"]
[SourceVersionDate "2017.10.13"]
[SourceQuality "1"]

1. d4 Nf6 2. Nf3 d5 3. c4 dxc4 4. e3 a6 5. Bxc4 e6 6. 0-0 b5 7. Bb3 Bb7 8. Qe2 Nbd7 9. Rd1 Rc8 10. a4 b4 11. a5 Bc6 12. Qxa6 Bxf3 13. gxf3 c5 14. dxc5 Rxc5 15. e4 Rh5 16. Bf4 Bc5 17. Bd6 Bxd6 18. Qxd6 Rxa5 19. Ba4 1-0

[Event "San Francisco TNM Summer op"]
[Site "San Francisco"]
[Date "2016.07.05"]
[Round "7"]
[White "Askin, Michael"]
[Black "Traub, Igor Vladimirovich"]
[Result "1/2-1/2"]
[WhiteElo "2037"]
[BlackElo "2136"]
[PlyCount "90"]
[EventDate "2016.05.24"]
[EventType "swiss"]
[EventRounds "8"]
[EventCountry "USA"]
[SourceTitle "EXT 2018"]
[Source "ChessBase"]
[SourceDate "2017.10.13"]
[SourceVersion "1"]
[SourceVersionDate "2017.10.13"]
[SourceQuality "1"]

1. d4 Nf6 2. Nf3 g6 3. c4 d6 4. Nc3 Bg7 5. e4 Nbd7 6. Be2 0-0 7. 0-0 h6 8. Ne1 e5 9. d5 Nc5 10. f3 a5 11. Be3 b6 12. a3 Nh5 13. Nd3 f5 14. exf5 gxf5 15. f4 Nxd3 16. Bxd3 Nxf4 17. Bxf4 exf4 18. Rxf4 Qg5 19. Rf3 Bd7 20. Qc1 f4 21. Ne2 Be5 22. h3 Rf7 23. Qd2 c6 24. Be4 c5 25. Raf1 b5 26. b4 cxb4 27. axb4 a4 28. c5 a3 29. Qa2 Bb2 30. Nxf4 Raf8 31. Ne6 Rxf3 32. Bxf3 Qe3+ 33. Kh1 Rf6 34. c6 Bc8 35. c7 Qc3 36. Qb1 Bxe6 37. dxe6 Qxc7 38. Bd5 Kf8 39. Rxf6+ Bxf6 40. Qf5 Qc1+ 41. Kh2 Qg5 42. e7+ Kxe7 43. Qe6+ Kd8 44. Qxd6+ Ke8 45. Qe6+ Kd8 1/2-1/2

[Event "San Francisco TNM Summer op"]
[Site "San Francisco"]
[Date "2016.06.07"]
[Round "3"]
[White "Shi, Jaysen"]
[Black "Askin, Michael"]
[Result "0-1"]
[WhiteElo "1867"]
[BlackElo "2037"]
[PlyCount "71"]
[EventDate "2016.05.24"]
[EventType "swiss"]
[EventRounds "8"]
[EventCountry "USA"]
[SourceTitle "EXT 2018"]
[Source "ChessBase"]
[SourceDate "2017.10.13"]
[SourceVersion "1"]
[SourceVersionDate "2017.10.13"]
[SourceQuality "1"]

1. e4 c6 2. d4 d5 3. exd5 cxd5 4. Bd3 Nc6 5. Nf3 Bg4 6. c3 Qc7 7. Be3 Nf6 8. Nbd2 e6 9. Qc2 Be7 10. 0-0 Bh5 11. h3 0-0 12. Bg5 Bg6 13. Bxg6 hxg6 14. Rfe1 b5 15. Rac1 Rfe8 16. a3 a5 17. Nf1 Ne4 18. Bxe7 Nxe7 19. N3d2 Nd6 20. Nb3 b4 21. Nc5 bxa3 22. bxa3 Nb7 23. Na4 Nf5 24. Ne3 Nfd6 25. Rb1 Ra6 26. Rb2 Rc6 27. Reb1 Nd8 28. f3 Nc4 29. Nxc4 Rxc4 30. Nc5 e5 31. Qd2 exd4 32. cxd4 Nc6 33. Rb7 Qg3 34. Nb3 a4 35. Na5 Nxa5 36. Qxa5 0-1

[Event "San Francisco TNM Spring op"]
[Site "San Francisco"]
[Date "2016.05.03"]
[Round "8"]
[White "Askin, Michael"]
[Black "Porlares, Teodoro"]
[Result "1-0"]
[WhiteElo "1989"]
[BlackElo "1852"]
[PlyCount "57"]
[EventDate "2016.03.15"]
[EventType "swiss"]
[EventRounds "8"]
[EventCountry "USA"]
[SourceTitle "EXT 2018"]
[Source "ChessBase"]
[SourceDate "2017.10.13"]
[SourceVersion "1"]
[SourceVersionDate "2017.10.13"]
[SourceQuality "1"]

1. e4 c6 2. d4 d5 3. e5 Bf5 4. Nf3 e6 5. Be2 c5 6. 0-0 Nd7 7. Be3 Rc8 8. c4 dxc4 9. Na3 cxd4 10. Nxd4 Bxa3 11. Nxf5 exf5 12. bxa3 Nxe5 13. Bd4 f6 14. Re1 Ne7 15. f4 Nd3 16. Qa4+ Rc6 17. Bxd3 Qxd4+ 18. Kh1 Qxd3 19. Rad1 Qc3 20. Qxa7 Kf7 21. Rxe7+ Kg6 22. Qf2 Qxa3 23. Re3 Qf8 24. Rd7 h5 25. Qg3+ Kh6 26. Re8 g6 27. Rxf8 Rxf8 28. Qe3 c3 29. Qe7 1-0

[Event "San Francisco TNM Winter op"]
[Site "San Francisco"]
[Date "2016.02.02"]
[Round "5"]
[White "Tsodikova, Natalia"]
[Black "Askin, Michael"]
[Result "1/2-1/2"]
[WhiteElo "2207"]
[BlackElo "2053"]
[PlyCount "81"]
[EventDate "2016.01.05"]
[EventType "swiss"]
[EventRounds "8"]
[EventCountry "USA"]
[SourceTitle "EXT 2018"]
[Source "ChessBase"]
[SourceDate "2017.10.13"]
[SourceVersion "1"]
[SourceVersionDate "2017.10.13"]
[SourceQuality "1"]

1. d4 d5 2. c4 e6 3. Nf3 Nf6 4. Qc2 Be7 5. g3 0-0 6. Bg2 a6 7. 0-0 dxc4 8. Qxc4 b5 9. Qc2 Bb7 10. Nbd2 Nbd7 11. e4 c5 12. e5 Nd5 13. dxc5 Nxc5 14. Nb3 Nd7 15. Qe2 Rc8 16. Be3 Nxe3 17. Qxe3 Qb6 18. Qe2 Rc4 19. Nbd2 Rc2 20. Qd3 Qc7 21. Rfe1 Rd8 22. Nd4 Rc5 23. Bxb7 Qxb7 24. N2f3 Rd5 25. Rac1 Bc5 26. Qe4 Qb6 27. Nc6 Bxf2+ 28. Kg2 Bxe1 29. Nxd8 Qxd8 30. Rxe1 Nc5 31. Qe3 h6 32. Re2 Na4 33. Rc2 Nb6 34. b3 Nd7 35. Rc6 Qb8 36. Qc3 Kh7 37. Rc7 b4 38. Qc2+ g6 39. h4 Kg7 40. Rc8 Qb6 41. Qe4 1/2-1/2

[Event "San Francisco TNM Winter op"]
[Site "San Francisco"]
[Date "2016.01.26"]
[Round "4"]
[White "Askin, Michael"]
[Black "Houshdaran, Soheil"]
[Result "1-0"]
[WhiteElo "2053"]
[BlackElo "1829"]
[PlyCount "57"]
[EventDate "2016.01.05"]
[EventType "swiss"]
[EventRounds "8"]
[EventCountry "USA"]
[SourceTitle "EXT 2018"]
[Source "ChessBase"]
[SourceDate "2017.10.13"]
[SourceVersion "1"]
[SourceVersionDate "2017.10.13"]
[SourceQuality "1"]

1. d4 Nf6 2. Nf3 g6 3. c4 Bg7 4. Nc3 0-0 5. e4 d6 6. Be2 c5 7. 0-0 cxd4 8. Nxd4 Nc6 9. Nxc6 bxc6 10. Be3 Be6 11. f4 Qa5 12. Qc2 Qb4 13. a3 Qb7 14. f5 Bd7 15. c5 Rfb8 16. b4 a5 17. Rab1 axb4 18. Rxb4 Qc8 19. Na4 Qe8 20. g4 Rxb4 21. axb4 Nxe4 22. Nb6 d5 23. Nxa8 Qxa8 24. Bd3 Qa3 25. Kh1 Be5 26. Bh6 Qxb4 27. Bxe4 Qxe4+ 28. Qxe4 dxe4 29. Rd1 1-0

[Event "San Francisco TNM Fall op"]
[Site "San Francisco"]
[Date "2015.11.17"]
[Round "5"]
[White "Rakonitz, David"]
[Black "Askin, Michael"]
[Result "1/2-1/2"]
[WhiteElo "1597"]
[BlackElo "1967"]
[PlyCount "104"]
[EventDate "2015.10.20"]
[EventType "swiss"]
[EventRounds "9"]
[EventCountry "USA"]
[SourceTitle "EXT 2023"]
[Source "ChessBase"]
[SourceDate "2022.10.05"]
[SourceVersion "1"]
[SourceVersionDate "2022.10.05"]
[SourceQuality "1"]

1. d4 d5 2. Nf3 Nf6 3. c4 c6 4. Nc3 e6 5. Bg5 h6 6. Bh4 dxc4 7. e4 g5 8. Nxg5 hxg5 9. Bxg5 Be7 10. e5 Nd5 11. Bxe7 Qxe7 12. Bxc4 Nxc3 13. bxc3 Nd7 14. Qg4 Qh4 15. Qxh4 Rxh4 16. g3 Rh8 17. Bf1 b6 18. Bg2 Bb7 19. Kd2 0-0-0 20. Ke3 c5 21. Be4 Rh3 22. Rag1 cxd4+ 23. cxd4 Bxe4 24. Kxe4 Nb8 25. f4 Nc6 26. Rd1 Ne7 27. Rd3 Kb7 28. Rd2 Rc8 29. Re1 Rhh8 30. Ree2 Nd5 31. Rg2 Rc3 32. Rd3 f5+ 33. exf6 Nxf6+ 34. Ke3 Ng4+ 35. Ke4 Rxd3 36. Kxd3 Rxh2 37. Rxh2 Nxh2 38. Ke4 Kc6 39. Ke5 Kd7 40. d5 Ng4+ 41. Kd4 Nf6 42. dxe6+ Kxe6 43. a4 Nh5 44. f5+ Kd6 45. g4 Nf6 46. g5 Ne8 47. f6 Ke6 48. f7 Kxf7 49. Kd5 Ke7 50. Kc6 Nd6 51. Kc7 Nc4 52. Kb7 Nb2 1/2-1/2

[Event "San Francisco TNM Fall op"]
[Site "San Francisco"]
[Date "2015.10.27"]
[Round "2"]
[White "Askin, Michael"]
[Black "Melville, Cailen"]
[Result "0-1"]
[WhiteElo "1967"]
[BlackElo "1757"]
[PlyCount "99"]
[EventDate "2015.10.20"]
[EventType "swiss"]
[EventRounds "9"]
[EventCountry "USA"]
[SourceTitle "EXT 2023"]
[Source "ChessBase"]
[SourceDate "2022.10.05"]
[SourceVersion "1"]
[SourceVersionDate "2022.10.05"]
[SourceQuality "1"]

1. d4 e6 2. c4 b6 3. e4 Bb7 4. Bd3 e5 5. dxe5 Nc6 6. Bf4 Bb4+ 7. Kf1 Nge7 8. Bg3 Ng6 9. f4 0-0 10. h4 f6 11. h5 Nxf4 12. Bxf4 fxe5 13. Nf3 Rxf4 14. a3 Bc5 15. b4 Bd4 16. Ra2 Qg5 17. Rh3 Raf8 18. Nbd2 Rh4 19. Rxh4 Qe3 20. Qe1 Qg1+ 21. Ke2 Qxg2+ 22. Kd1 Rxf3 23. Bf1 Qf2 24. Qxf2 Rxf2 25. Bh3 Be3 26. Rg4 Rh2 27. Bg2 Nd4 28. Nf1 Bf4 29. Nxh2 Bxh2 30. Bh3 Bf4 31. Bg2 c6 32. c5 Ba6 33. Ke1 Bc4 34. Rxf4 Bxa2 35. Rg4 Nc2+ 36. Kd2 Nxa3 37. Bf1 h6 38. Rg3 Nb5 39. Bh3 Be6 40. Bxe6+ dxe6 41. Rf3 bxc5 42. bxc5 a5 43. Kd3 a4 44. Rf2 a3 45. Kc4 Kh7 46. Kb3 g5 47. Rf7+ Kg8 48. Rf6 Kg7 49. Rg6+ Kf7 50. Rxh6 0-1

[Event "San Francisco Leighton Memorial"]
[Site "San Francisco"]
[Date "2015.09.29"]
[Round "9"]
[White "Hakobyan, Sos"]
[Black "Askin, Michael"]
[Result "0-1"]
[WhiteElo "1861"]
[BlackElo "1967"]
[PlyCount "88"]
[EventDate "2015.08.04"]
[EventType "swiss"]
[EventRounds "9"]
[EventCountry "USA"]
[SourceTitle "EXT 2023"]
[Source "ChessBase"]
[SourceDate "2022.10.05"]
[SourceVersion "1"]
[SourceVersionDate "2022.10.05"]
[SourceQuality "1"]

1. e4 c6 2. d4 d5 3. e5 Bf5 4. Nf3 e6 5. Be2 Nd7 6. 0-0 Ne7 7. Bg5 Qb6 8. Bxe7 Bxe7 9. b3 0-0 10. c3 c5 11. dxc5 Nxc5 12. Qd4 Qc7 13. b4 Na4 14. Bd3 Bxd3 15. Qxd3 Rac8 16. Nbd2 Qxc3 17. Qxc3 Rxc3 18. a3 Rfc8 19. Rfb1 Rc2 20. Kf1 f6 21. Ke1 fxe5 22. Nxe5 Bf6 23. f4 Bxe5 24. fxe5 R8c3 25. Ke2 Nb2 26. Ra2 Nc4 27. Rxc2 Rxc2 28. Rd1 Nxe5 29. Ke3 Nc4+ 30. Nxc4 Rxc4 31. Rd3 Kf7 32. b5 Kf6 33. Rb3 b6 34. Kd2 e5 35. Rf3+ Ke6 36. Rh3 Rg4 37. g3 h6 38. Rh5 Ra4 39. g4 Rxg4 40. Rh3 Rg2+ 41. Kc3 d4+ 42. Kc4 Rc2+ 43. Kb4 e4 44. Rh4 Kf5 0-1

[Event "San Francisco Leighton Memorial"]
[Site "San Francisco"]
[Date "2015.09.01"]
[Round "5"]
[White "Gerwin, Gene"]
[Black "Askin, Michael"]
[Result "0-1"]
[WhiteElo "1817"]
[BlackElo "1967"]
[PlyCount "57"]
[EventDate "2015.08.04"]
[EventType "swiss"]
[EventRounds "9"]
[EventCountry "USA"]
[SourceTitle "EXT 2023"]
[Source "ChessBase"]
[SourceDate "2022.10.05"]
[SourceVersion "1"]
[SourceVersionDate "2022.10.05"]
[SourceQuality "1"]

1. a3 e5 2. d3 c5 3. g3 Nc6 4. Bg2 Nf6 5. h3 d5 6. e3 Be7 7. Ne2 Be6 8. 0-0 h5 9. Nd2 Qd7 10. Kh2 Bd6 11. e4 0-0-0 12. b4 cxb4 13. axb4 Bxb4 14. Ba3 Bxd2 15. exd5 Bxd5 16. Bxd5 Qxd5 17. Qxd2 Qf3 18. h4 Ng4+ 19. Kg1 g5 20. Nc3 gxh4 21. Qe2 Qxe2 22. Nxe2 hxg3 23. fxg3 Rd7 24. Bc5 b6 25. Bf2 Kb7 26. Kg2 Nb4 27. Rac1 Rc7 28. d4 Nxc2 29. Kg1 0-1

[Event "San Francisco TNM Summer op"]
[Site "San Francisco"]
[Date "2015.06.02"]
[Round "2"]
[White "Handler, Andrew Todd"]
[Black "Askin, Michael"]
[Result "0-1"]
[WhiteElo "1663"]
[BlackElo "2080"]
[PlyCount "59"]
[EventDate "2015.05.26"]
[EventType "swiss"]
[EventRounds "8"]
[EventCountry "USA"]
[SourceTitle "EXT 2016"]
[Source "ChessBase"]
[SourceDate "2015.10.08"]
[SourceVersion "1"]
[SourceVersionDate "2015.10.08"]
[SourceQuality "1"]

1. e4 c6 2. d4 d5 3. exd5 cxd5 4. Bd3 Nc6 5. c3 Qc7 6. Ne2 Nf6 7. Bf4 Qb6 8. Qc2 Bg4 9. 0-0 e6 10. h3 Bh5 11. Nd2 Be7 12. Rae1 Rc8 13. Qb1 0-0 14. Kh1 Bg6 15. Bxg6 hxg6 16. Ng1 Qa6 17. Ngf3 b5 18. a3 Qb7 19. Ne5 Nxe5 20. Bxe5 a5 21. Nf3 Ne4 22. Qd3 Bxa3 23. Qb1 Be7 24. Bf4 a4 25. Ne5 g5 26. f3 Nxc3 27. bxc3 gxf4 28. Qc1 Bb4 29. Qxf4 Bxc3 30. Re3 0-1

[Event "San Francisco TNM Winter op"]
[Site "San Francisco"]
[Date "2015.02.03"]
[Round "5"]
[White "Everett, Willard III"]
[Black "Askin, Michael"]
[Result "0-1"]
[WhiteElo "1673"]
[BlackElo "2103"]
[PlyCount "52"]
[EventDate "2015.01.06"]
[EventType "swiss"]
[EventRounds "8"]
[EventCountry "USA"]
[SourceTitle "EXT 2016"]
[Source "ChessBase"]
[SourceDate "2015.10.08"]
[SourceVersion "1"]
[SourceVersionDate "2015.10.08"]
[SourceQuality "1"]

1. d4 d5 2. c4 c6 3. Nc3 Nf6 4. Bg5 Ne4 5. Nxe4 dxe4 6. Qc2 Qxd4 7. e3 Qc5 8. Bf4 g5 9. Qc3 gxf4 10. Qxh8 fxe3 11. fxe3 Qxe3+ 12. Ne2 f6 13. Qxh7 Be6 14. Qg6+ Bf7 15. Qg3 Qb6 16. Qb3 Bh6 17. Qh3 Bd2+ 18. Kxd2 Qxb2+ 19. Ke3 e5 20. Qc8+ Ke7 21. Rd1 Qb6+ 22. Kxe4 Be6 23. Qh8 Nd7 24. Rxd7+ Bxd7 25. Qxa8 f5+ 26. Kxe5 Qe3# 0-1

[Event "San Francisco TNM Fall op"]
[Site "San Francisco"]
[Date "2014.12.16"]
[Round "8"]
[White "Askin, Michael"]
[Black "Shakhnazarov, Oleg"]
[Result "1-0"]
[WhiteElo "1964"]
[BlackElo "2154"]
[PlyCount "59"]
[EventDate "2014.10.21"]
[EventType "swiss"]
[EventRounds "8"]
[EventCountry "USA"]
[SourceTitle "EXT 2016"]
[Source "ChessBase"]
[SourceDate "2015.10.08"]
[SourceVersion "1"]
[SourceVersionDate "2015.10.08"]
[SourceQuality "1"]

1. d4 d5 2. c4 e6 3. Nf3 Be7 4. g3 Nd7 5. Bg2 Ngf6 6. 0-0 c6 7. Qc2 0-0 8. Nbd2 h6 9. e4 dxe4 10. Nxe4 Nxe4 11. Qxe4 Nf6 12. Qe2 Bd7 13. Rd1 a5 14. Ne5 Re8 15. Bf4 a4 16. Rac1 Qa5 17. h4 Rad8 18. g4 Nh7 19. g5 g6 20. h5 Nxg5 21. hxg6 Rf8 22. Qh5 Be8 23. Qxh6 fxg6 24. Bxg5 Bxg5 25. Qxg5 Rf5 26. Qe7 Bf7 27. Qxb7 a3 28. Nxc6 Qa4 29. Nxd8 axb2 30. Qxb2 1-0

[Event "San Francisco TNM Fall op"]
[Site "San Francisco"]
[Date "2014.11.18"]
[Round "4"]
[White "Byambaa, Uyanga"]
[Black "Askin, Michael"]
[Result "0-1"]
[WhiteElo "2205"]
[BlackElo "1964"]
[PlyCount "102"]
[EventDate "2014.10.21"]
[EventType "swiss"]
[EventRounds "8"]
[EventCountry "USA"]
[SourceTitle "EXT 2016"]
[Source "ChessBase"]
[SourceDate "2015.10.08"]
[SourceVersion "1"]
[SourceVersionDate "2015.10.08"]
[SourceQuality "1"]

1. e4 c6 2. Nf3 d5 3. Nc3 Bg4 4. exd5 cxd5 5. h3 Bxf3 6. Qxf3 Nf6 7. d4 e6 8. g4 Nc6 9. Bb5 Bb4 10. a3 Qa5 11. Bd2 Bxc3 12. Bxc6+ bxc6 13. Bxc3 Qb5 14. a4 Qb6 15. 0-0 0-0 16. Rfe1 Ne4 17. Ra3 f5 18. a5 Qc7 19. Bb4 fxg4 20. Qxg4 Rf5 21. f3 Rg5 22. fxe4 Rxg4+ 23. hxg4 Qf4 24. Rae3 Qxg4+ 25. Kh2 Rb8 26. Ba3 Rb7 27. Rg3 Qh4+ 28. Kg2 dxe4 29. Rh1 Qd8 30. c3 Rf7 31. Rh5 Rf5 32. Rhh3 Rg5 33. Kf2 Rxg3 34. Rxg3 Qh4 35. Bd6 Qf6+ 36. Ke3 Qf5 37. b4 h5 38. Bf4 h4 39. Rg5 Qh3+ 40. Kxe4 Qxc3 41. Be5 Qc2+ 42. Kf3 g6 43. Rg4 Qf5+ 44. Rf4 Qd3+ 45. Kg2 g5 46. Rf6 g4 47. Rxe6 Qh3+ 48. Kg1 g3 49. Rg6+ Kh7 50. Rg5 Qh2+ 51. Kf1 Qf2# 0-1